|
|
|
|
| LEADER |
00000nam0a2200000 4500 |
| 001 |
63354 |
| 005 |
20231031064228.0 |
| 010 |
|
|
|a 5774901432
|
| 035 |
|
|
|a (RuTPU)RU\TPU\book\67242
|
| 090 |
|
|
|a 63354
|
| 100 |
|
|
|a 20040511d2002 m y0rusy50 ca
|
| 101 |
0 |
|
|a rus
|
| 102 |
|
|
|a RU
|
| 105 |
|
|
|a y j 001zy
|
| 200 |
1 |
|
|a Внешнеэкономическая деятельность
|e учебное пособие
|f О. И. Дегтярева, Т. Н. Полянова, С. В. Саркисов
|
| 210 |
|
|
|a Москва
|c Дело
|d 2002
|
| 215 |
|
|
|a 423 с.
|
| 225 |
1 |
|
|a Библиотека современного менеджера
|
| 320 |
|
|
|a Библиогр. в конце глав
|
| 451 |
|
1 |
|0 (RuTPU)RU\TPU\book\118631
|y 5-7749-0143-2
|t Внешнеэкономическая деятельность
|o учебное пособие
|f О. И. Дегтярева, Т. Н. Полянова, С. В. Саркисов
|e 5-е изд. испр. и доп.
|c М.
|n Дело
|d 2006
|p 423 с.
|a Дегтярева, Ольга Ильинична
|
| 451 |
|
1 |
|0 (RuTPU)RU\TPU\book\25649
|y 5-7749-0143-2
|t Внешнеэкономическая деятельность
|o учебное пособие
|f О. И. Дегтярева, Т. Н. Полякова, С. В. Саркисов
|c М.
|n Дело
|d 2000
|p 320 с.
|s Библиотека современного менеджера
|a Дегтярева, Ольга Ильинична
|
| 610 |
1 |
|
|a экономика
|
| 610 |
1 |
|
|a внешнеэкономическая деятельность
|
| 610 |
1 |
|
|a учебные пособия
|
| 610 |
1 |
|
|a внешнеторговые операции
|
| 610 |
1 |
|
|a переговоры
|
| 610 |
1 |
|
|a деловая переписка
|
| 610 |
1 |
|
|a деловой протокол
|
| 610 |
1 |
|
|a контракты
|
| 610 |
1 |
|
|a купля-продажа
|
| 610 |
1 |
|
|a внешнеэкономические связи
|
| 610 |
1 |
|
|a логистика
|
| 610 |
1 |
|
|a организация
|
| 610 |
1 |
|
|a управление
|
| 610 |
1 |
|
|a грузы
|
| 610 |
1 |
|
|a страхование
|
| 686 |
|
|
|a У9(2)8я73
|v LBC/SL-A
|2 rubbk
|
| 700 |
|
1 |
|a Дегтярева
|b О. И.
|g Ольга Ильинична
|
| 701 |
|
1 |
|a Полянова
|b Т. Н.
|g Татьяна Николаевна
|
| 701 |
|
1 |
|a Саркисов
|b С. В.
|g Сергей Васильевич
|
| 801 |
|
1 |
|a RU
|b 63413507
|c 20040511
|g PSBO
|
| 801 |
|
2 |
|a RU
|b 63413507
|c 20080506
|g PSBO
|
| 900 |
|
|
|a Внешнеэкономическая деятельность
|
| 942 |
|
|
|c BK
|
| 954 |
|
|
|a 521500
|b 061100
|